| 000 | 00689nam a2200205Ia 4500 | ||
|---|---|---|---|
| 003 | LK-CoDNM | ||
| 008 | 010623t2000 xxu||||| |||| 00| 1 sin d | ||
| 040 |
_aLK-CoDNM _dLK-CoDNM _eLK-CoDNM |
||
| 041 | _asin | ||
| 080 |
_a025 _bDUR |
||
| 100 | _aClemont,D.W.G. | ||
| 245 | _aපුස්තකාල ද්රව සංරක්ෂණය පිළිබඳ ප්රතිපත්ති | ||
| 246 | _aPusthakala Drawya Sanrakshanaya Pilibanda Prathipaththi | ||
| 260 |
_bNational Library and Documentation Board _aColombo _c2000 |
||
| 300 | _b28p., 29 cm | ||
| 650 | _aLibrary Science | ||
| 700 | _aDuro,J.M. | ||
| 700 |
_aGunasekara,Dhanapala. _eed. |
||
| 942 | _cBK | ||
| 999 |
_c120457 _d120457 |
||